[Event "Regionale 1"]
[Site "?"]
[Date "2003.10.12"]
[Round "1"]
[White "Schegerin, Andre"]
[Black "Gerard Kienlen"]
[Result "1-0"]
[WhiteElo "1800"]
[BlackElo "1530"]
[EventDate "2003.??.??"]
[Annotator "Albi 1 - Montauban"]
[PlyCount "99"]

1.f4 Nf6 2.Nf3 g6 3.e3 Bg7 4.d4 d6 5.Bd3 O-O 6.O-O Kh8 7.c3 Ng8 8.Qc2 f5 
9.Nbd2 a6 10.b3 b5 11.Bb2 Bb7 12.c4 d5 13.cxb5 axb5 14.Bxb5 c6 15.Bd3 Nh6 
16.h3 e6 17.b4 Ba6 18.Nb3 Bxd3 19.Qxd3 Bf6 20.Nc5 Qe7 21.a3 g5 22.fxg5 
Bxg5 23.Nxg5 Qxg5 24.Nxe6 Qf6 25.Nxf8 Qxf8 26.e4 f4 27.exd5 cxd5 28.Qf3 
Ra7 29.Qxd5 Rg7 30.Qe6 Rf7 31.d5+ Kg8 32.Qe5 Rf5 33.Qh8+ Kf7 34.Qxh7+ Ke8 
35.Rac1 Rf7 36.Rc8+ Kd7 37.Rxf8 Rxh7 38.Rxb8 Kd6 39.Rxf4 Kxd5 40.Rh4 Kc6 
41.Bc1 Kc7 42.Bf4+ Kd7 43.Rb7+ Kc6 44.Rxh7 Ng4 45.Rxg4 Kb5 46.Rh5+ Kc4 47.
Kf2 Kd3 48.Rc5 Ke4 49.Be3+ Kd3 50.Rd4# 1-0

[Event "R1C1 CEIT 2 - CATE 1"]
[Site "?"]
[Date "2003.10.12"]
[Round "1.6"]
[White "Delay, Guillaume"]
[Black "Lenoir, Patrice"]
[Result "0-1"]
[WhiteElo "1199"]
[BlackElo "1510"]
[EventDate "2003.??.??"]
[PlyCount "92"]

1.e4 c5 2.Nf3 a6 3.d4 cxd4 4.Nxd4 Nf6 5.Nc3 e5 6.Nf3 d6 7.Bc4 h6 8.O-O Be7
9.h3 O-O 10.Be3 Nbd7 11.b4 Qc7 12.Qd3 b5 13.Bd5 Rb8 14.a3 Nb6 15.Rac1 Bd7 
16.Bb3 Bc6 17.Nd2 Rbc8 18.Kh1 Bb7 19.Ne2 Nc4 20.Ng3 Rfd8 21.f3 d5 22.Bxc4 
bxc4 23.Qe2 d4 24.Bf2 c3 25.Nb3 Ra8 26.Na5 Bc8 27.Qc4 Qxc4 28.Nxc4 Nd7 29.
Nf5 Bf8 30.Bg3 f6 31.f4 Rb8 32.fxe5 Nxe5 33.Nxe5 fxe5 34.Bxe5 Rb5 35.Bxd4 
Bxf5 36.Bxc3 Bxe4 37.Rfe1 Re8 38.Re3 Bxg2+ 39.Kxg2 Rxe3 40.Bd4 Rxa3 41.c3 
Ra2+ 42.Kg3 Bd6+ 43.Kf3 Rf5+ 44.Kg4 Rf4+ 45.Kh5 Rg2 46.h4 Rf5# 0-1

[Event "R1C1 CEIT 2 - CATE 1"]
[Site "?"]
[Date "2003.10.12"]
[Round "1.5"]
[White "Laffont, Jean-Christophe"]
[Black "Poussy, Daniel"]
[Result "1-0"]
[WhiteElo "1550"]
[BlackElo "1420"]
[EventDate "2003.??.??"]
[PlyCount "129"]

1.d4 d5 2.e3 Nf6 3.h3 e6 4.Nf3 Bb4+ 5.c3 Be7 6.Bd3 h6 7.O-O Nc6 8.a3 b6 9.
Nbd2 O-O 10.e4 Bb7 11.e5 Nh7 12.Nh2 Ng5 13.Ndf3 f6 14.Nxg5 fxg5 15.Bc2 Qe8
16.Qd3 g6 17.f4 Kg7 18.Bd2 Nb8 19.Qg3 Ba6 20.Rf3 Be2 21.Rf2 Bh5 22.Raf1 
Nd7 23.fxg5 hxg5 24.Bxg5 Bxg5 25.Qxg5 Rxf2 26.Rxf2 Qd8 27.Qxd8 Rxd8 28.g4 
Rf8 29.Rg2 g5 30.gxh5 Kh6 31.Bd1 Rf4 32.Nf3 Re4 33.Kf2 Rf4 34.Ke3 Re4+ 35.
Kd3 Rf4 36.Be2 c5 37.Nxg5 Nf8 38.Nf3 Rf5 39.Nh4 Rxh5 40.Bxh5 Kxh5 41.Nf3 
Nh7 42.Rg7 Kh6 43.Rxa7 Ng5 44.Nxg5 Kxg5 45.Ra6 c4+ 46.Kc2 Kh4 47.Rxb6 Kxh3
48.Rxe6 Kg4 49.Rd6 Kf5 50.Rxd5 Ke4 51.Rc5 Kf5 52.Rxc4 Ke6 53.Rc5 Kf5 54.a4
Ke4 55.a5 Kf5 56.a6 Ke4 57.a7 Kf5 58.a8=Q Kf4 59.e6 Ke3 60.Re5+ Kf4 61.
Qf8+ Kg4 62.Qf5+ Kh4 63.Qg5+ Kh3 64.Rf5 Kh2 65.Rf8 1-0

[Event "R1C1 CEIT 2 - CATE 1"]
[Site "?"]
[Date "2003.10.12"]
[Round "1.4"]
[White "Bacqué, Bernard"]
[Black "Favarel, Alexis"]
[Result "0-1"]
[WhiteElo "1460"]
[BlackElo "1630"]
[EventDate "2003.??.??"]
[PlyCount "94"]

1.e4 e5 2.Nf3 Nc6 3.Bc4 Be7 4.O-O Nf6 5.Re1 O-O 6.c3 Nxe4 7.d3 Ng5 8.Nxe5 
Nxe5 9.Rxe5 d6 10.Re3 d5 11.Bb3 c6 12.Rg3 f5 13.f4 Ne6 14.Be3 Bd6 15.Qf3 
Qh4 16.Rh3 Qg4 17.Nd2 Bxf4 18.Bxf4 Nxf4 19.Rg3 Ne2+ 20.Kf2 Nxg3 21.hxg3 
Qxf3+ 22.gxf3 Bd7 23.Rh1 Rae8 24.f4 Re7 25.Nf3 Rfe8 26.Ne5 Rxe5 27.fxe5 
Rxe5 28.d4 Re4 29.Bc2 Rg4 30.Kf3 b6 31.Re1 Kf7 32.b4 Rg6 33.a4 Re6 34.Rh1 
h6 35.a5 b5 36.Bd3 Rf6 37.Rh2 g5 38.Rf2 h5 39.Kg2 Kg6 40.Rf3 g4 41.Rf2 Kg5
42.Re2 Re6 43.Re5 Rxe5 44.dxe5 f4 45.Bh7 fxg3 46.Kxg3 h4+ 47.Kg2 Kf4 0-1

[Event "R1C1 CEIT 2 - CATE 1"]
[Site "?"]
[Date "2003.10.12"]
[Round "1.3"]
[White "Pezou, Jean-Claude"]
[Black "Grihon, Stéphane"]
[Result "1-0"]
[WhiteElo "1690"]
[BlackElo "1570"]
[EventDate "2003.??.??"]
[PlyCount "89"]

1.d4 d5 2.c4 c6 3.Nf3 e6 4.e3 Nf6 5.Nc3 Nbd7 6.cxd5 cxd5 7.Bd3 Bb4 8.O-O 
b6 9.Qa4 a5 10.a3 Be7 11.Ne5 O-O 12.Nc6 Qe8 13.Bb5 Ba6 14.Nxe7+ Qxe7 15.f3
Rfc8 16.Bd2 Bxb5 17.Qxb5 Rc7 18.Qd3 Rac8 19.Nb5 Rc2 20.Bc3 Rxg2+ 21.Kxg2 
Nh5 22.Be1 e5 23.Qf5 g6 24.Qd3 e4 25.fxe4 dxe4 26.Qe2 Qg5+ 27.Bg3 Ndf6 28.
Nc3 Ng4 29.Rg1 Nxe3+ 30.Kh1 f5 31.Be5 Qh6 32.Rae1 Ng4 33.Rxg4 fxg4 34.Qxg4
Re8 35.Nxe4 Qf8 36.Kg2 Qf7 37.Qf3 Qxf3+ 38.Kxf3 Rf8+ 39.Kg4 Rf7 40.Rc1 h6 
41.Rc8+ Rf8 42.Rc6 Kh7 43.Rxb6 Ng7 44.Rb7 h5+ 45.Kg3 1-0

[Event "R1C1 CEIT 2 - CATE 1"]
[Site "?"]
[Date "2003.10.12"]
[Round "1.2"]
[White "Viaud, Thierry"]
[Black "Landes, René"]
[Result "1/2-1/2"]
[WhiteElo "1650"]
[BlackElo "1690"]
[EventDate "2003.??.??"]
[PlyCount "69"]

1.d4 Nf6 2.Nf3 b6 3.e3 Bb7 4.Bd3 g6 5.b3 Bg7 6.Bb2 O-O 7.Nbd2 d5 8.Ne5 
Nbd7 9.f4 Ne4 10.Nxe4 dxe4 11.Bc4 Nxe5 12.fxe5 Bd5 13.Qe2 Qd7 14.O-O f5 
15.exf6 exf6 16.Rf4 c6 17.Rxe4 b5 18.Bxd5+ cxd5 19.Rf4 f5 20.Raf1 Rac8 21.
Qd3 a6 22.Ba3 Rfe8 23.Bc5 Re6 24.Bb4 Qc7 25.Bc5 Qd7 26.R4f3 Rce8 27.c4 Kh8
28.cxb5 Qxb5 29.Qxb5 axb5 30.Re1 Bh6 31.Kf2 f4 32.e4 dxe4 33.d5 e3+ 34.Ke2
Re5 35.Bd4 1/2-1/2

[Event "R1C1 CEIT 2 - CATE 1"]
[Site "?"]
[Date "2003.10.12"]
[Round "1.1"]
[White "Delhom, Raoul"]
[Black "Bouyt, Bernard"]
[Result "1/2-1/2"]
[WhiteElo "1750"]
[BlackElo "1740"]
[EventDate "2003.??.??"]
[PlyCount "97"]

1.Nf3 Nf6 2.g3 e6 3.Bg2 d5 4.d3 c5 5.O-O Nc6 6.Nbd2 Be7 7.e4 dxe4 8.dxe4 
O-O 9.c3 b6 10.Qc2 Bb7 11.Nc4 b5 12.Ne3 Qb6 13.b3 a5 14.Bb2 a4 15.Rfd1 
Rfd8 16.Rxd8+ Qxd8 17.Ne1 axb3 18.axb3 Rxa1 19.Bxa1 h5 20.Qe2 Qa5 21.Bb2 
g6 22.Nd3 Qc7 {(=)} 23.c4 Nd4 24.Bxd4 cxd4 25.Nc2 bxc4 26.bxc4 Qxc4 27.f3 
Ba6 28.Bf1 Qxd3 29.Qxd3 Bxd3 30.Bxd3 Bc5 31.Kg2 e5 32.f4 exf4 33.gxf4 Kg7 
34.h3 Nh7 35.Kf3 f6 36.Ne1 g5 37.e5 fxe5 38.Bxh7 Kxh7 39.fxe5 Kg6 40.Ke4 
g4 41.hxg4 hxg4 42.Kf4 Kh5 43.Nd3 Be7 44.e6 Kh4 45.Ne5 g3 46.Nf3+ Kh3 47.
Nxd4 g2 48.Ne2 Kh2 49.Kf5 1/2-1/2

[Event "R1B1 Fleurance - Villeneuve-Tolosane 1"]
[Site "?"]
[Date "2003.10.12"]
[Round "1.6"]
[White "Rashoev, Rezo"]
[Black "Patetif, Delphine"]
[Result "1/2-1/2"]
[WhiteElo "1510"]
[BlackElo "1499"]
[EventDate "2003.??.??"]
[PlyCount "106"]

1.d4 d5 2.Nf3 Nf6 3.c3 g6 4.g3 Bg7 5.Bg2 Nc6 6.O-O O-O 7.Bf4 Nd7 8.Na3 Nb6
9.Nb5 e5 10.Be3 Nc4 11.Qc1 a6 12.Na3 Nxe3 13.Qxe3 Re8 14.Qc1 exd4 15.c4 
Rxe2 16.Nd2 Nb4 17.Qd1 d3 18.Bf3 Qe7 19.Rb1 c6 20.c5 Bf5 21.g4 Bxg4 22.
Bxg4 Qg5 23.h3 Rxd2 24.Qe1 Nc2 25.f4 Qxg4+ 26.hxg4 Nxe1 27.Rfxe1 Re2 28.
Red1 Bxb2 29.Rxd3 Rae8 30.Kf1 R8e3 31.Rxe3 Rxe3 32.Rxb2 Rxa3 33.Rxb7 Rc3 
34.Rb6 Rxc5 35.Rxa6 Rc4 36.Kg2 c5 37.Kg3 Rc3+ 38.Kh4 d4 39.Kg5 d3 40.Kf6 
h5 41.Ra8+ Kh7 42.Rf8 Ra3 43.Rxf7+ Kg8 44.Rd7 Ra6+ 45.Kg5 c4 46.f5 gxf5 
47.gxf5 Kf8 48.f6 d2 49.Rxd2 c3 50.Rd8+ Kf7 51.Rc8 Rxa2 52.Rxc3 Rg2+ 53.
Kxh5 Kxf6 1/2-1/2

[Event "R1B1 Fleurance - Villeneuve-Tolosane 1"]
[Site "?"]
[Date "2003.10.12"]
[Round "1.5"]
[White "Kuzev, Francine"]
[Black "Laplaze, Hervé"]
[Result "0-1"]
[WhiteElo "1550"]
[BlackElo "1470"]
[EventDate "2003.??.??"]
[PlyCount "113"]

1.e4 c5 2.Nf3 e6 3.Bb5 a6 4.Bc4 Nf6 5.d3 d6 6.Bg5 Be7 7.O-O Nc6 8.Bb3 O-O 
9.Nbd2 b5 10.a3 Bb7 11.Re1 Nd7 12.Be3 Bf6 13.c3 a5 14.Rb1 a4 15.Bc2 b4 16.
cxb4 cxb4 17.axb4 Nxb4 18.Nc4 d5 19.Ncd2 Qc7 20.Bxa4 Nxd3 21.Re2 Nxb2 22.
Rxb2 Bxb2 23.Bxd7 Qxd7 24.Nb3 Bf6 25.Nc5 Qb5 26.e5 Be7 27.Nxb7 Qxb7 28.h3 
Ra6 29.Bd4 Rc6 30.Re1 Rfc8 31.Be3 Bc5 32.Bf4 Rb6 33.Qd3 Rb8 34.Nd2 Bb4 35.
Be3 Bxd2 36.Bxd2 Rb1 37.Rxb1 Qxb1+ 38.Qxb1 Rxb1+ 39.Kh2 d4 40.Kg3 h5 41.
Kf3 Kh7 42.Ke4 Rd1 43.Bb4 Kg6 44.f4 f5+ 45.Kf3 Rd3+ 46.Ke2 Rb3 47.Ba5 Rb2+
48.Bd2 Kf7 49.Kd3 Ke7 50.Ke2 Kd7 51.g3 Kc6 52.h4 Kd5 53.Kd1 Ke4 54.Ke2 d3+
55.Kd1 Kf3 56.Be1 Rb1+ 57.Kd2 0-1

[Event "R1B1 Fleurance - Villeneuve-Tolosane 1"]
[Site "?"]
[Date "2003.10.12"]
[Round "1.4"]
[White "Taieb, Marcel"]
[Black "Tauziède, Jean-Pierre"]
[Result "1/2-1/2"]
[WhiteElo "1590"]
[BlackElo "1570"]
[EventDate "2003.??.??"]
[PlyCount "45"]

1.d4 Nf6 2.c4 g6 3.Nc3 Bg7 4.Bg5 O-O 5.e3 d6 6.Bd3 Nbd7 7.Qc2 e5 8.Nf3 
exd4 9.Nxd4 Nc5 10.Be2 a5 11.Nd5 c6 12.Nxf6+ Bxf6 13.Bxf6 Qxf6 14.O-O Re8 
15.Rad1 Be6 16.Bf3 Rad8 17.Rd2 Bf5 18.Nxf5 gxf5 19.Rd4 Ne6 20.Rd3 Nc5 21.
Ra3 Ra8 22.Qd2 a4 23.Qb4 1/2-1/2

[Event "R1B1 Fleurance - Villeneuve-Tolosane 1"]
[Site "?"]
[Date "2003.10.12"]
[Round "1.3"]
[White "Schwarz, Klaus"]
[Black "Faure, Stéphane"]
[Result "1-0"]
[WhiteElo "1600"]
[BlackElo "1510"]
[EventDate "2003.??.??"]
[PlyCount "115"]

1.b4 e6 2.Bb2 Nf6 3.b5 Be7 4.c4 c6 5.Nc3 d5 6.cxd5 cxd5 7.e3 Bd7 8.Nf3 O-O
9.Be2 a6 10.O-O axb5 11.Nxb5 Bxb5 12.Bxb5 Qb6 13.Qb3 Nbd7 14.Bd4 Nc5 15.
Qb1 Qa5 16.a4 Nfe4 17.Bxc5 Bxc5 18.Ra2 Bb4 19.Qb2 Rfc8 20.Rc1 Rc5 21.Rxc5 
Bxc5 22.Qc1 Rc8 23.d4 Nc3 24.Rc2 Bb4 25.Kf1 Rc7 26.g3 Nxb5 27.axb5 Qxb5+ 
28.Kg2 Rxc2 29.Qxc2 Qc6 30.Qa2 Qa6 31.Qc2 Qc4 32.Qb1 f6 33.e4 b5 34.exd5 
exd5 35.Qf5 Bc3 36.Qe6+ Kf8 37.Qf5 h6 38.Ne5 Qxd4 39.Qc8+ Ke7 40.Nc6+ Kd6 
41.Nxd4 Bxd4 42.Kf1 b4 43.f4 b3 44.Qb8+ Kc5 45.Qxb3 g5 46.f5 Kd6 47.g4 Ke5
48.Ke2 Bg1 49.h3 d4 50.Qg3+ Ke4 51.Qxg1 d3+ 52.Kd2 h5 53.Qe3+ Kd5 54.Kxd3 
hxg4 55.hxg4 Kd6 56.Kd4 Kc6 57.Qb3 Kd7 58.Qb4 1-0

[Event "R1B1 Fleurance - Villeneuve-Tolosane 1"]
[Site "?"]
[Date "2003.10.12"]
[Round "1.2"]
[White "Brochet, Thierry"]
[Black "Patetif, Dyanna"]
[Result "1-0"]
[WhiteElo "1640"]
[BlackElo "1710"]
[EventDate "2003.??.??"]
[PlyCount "96"]

1.e4 c5 2.Nf3 Nc6 3.d4 cxd4 4.Nxd4 e5 5.Nf3 d6 6.Nc3 Nf6 7.Bc4 Bg4 8.Bb3 
Nd4 9.Be3 Bxf3 10.gxf3 Nxb3 11.axb3 a6 12.Nd5 Nxd5 13.Qxd5 Qc7 14.c4 Qc6 
15.f4 Qc7 16.b4 Rc8 17.Rc1 b6 18.b3 Be7 19.Ra1 Qa7 20.O-O f6 21.Rfd1 Rf8 
22.Qe6 Rd8 23.Qd5 Rc8 24.Qe6 Rd8 25.Rd5 Qb7 26.Rad1 Qc7 27.Qg4 Kf7 28.Qh5+
Kg8 29.f5 Rf7 30.Kh1 Qc6 31.Qg4 Rd7 32.Qg1 Bf8 33.f3 b5 34.c5 Be7 35.Qf2 
Rf8 36.Qd2 Rfd8 37.Qa2 Kf8 38.Rc1 dxc5 39.Rxd7 Rxd7 40.Bxc5 Bxc5 41.Rxc5 
Rd1+ 42.Kg2 Qd6 43.Kg3 g6 44.Qc2 Qd4 45.Rc8+ Kg7 46.Rc7+ Kh6 47.Qc5 Qd2 
48.Qf8+ Kg5 1-0

[Event "R1B1 Fleurance - Villeneuve-Tolosane 1"]
[Site "?"]
[Date "2003.10.12"]
[Round "1.1"]
[White "Verges, Jean"]
[Black "Lamy, Loïc"]
[Result "0-1"]
[WhiteElo "1620"]
[BlackElo "2030"]
[EventDate "2003.??.??"]
[PlyCount "74"]

1.Nf3 Nf6 2.d4 e6 3.Bf4 c5 4.e3 Qb6 5.Qc1 Nc6 6.c3 Be7 7.Nbd2 O-O 8.Be2 d6
9.Qc2 Bd7 10.Rc1 Rae8 11.Ng5 g6 12.h4 Nd5 13.Nc4 Qc7 14.Bg3 e5 15.dxc5 
dxc5 16.Rd1 Nb6 17.Nxb6 axb6 18.Bb5 Nb4 19.Qa4 Bxb5 20.Qxb5 Nc6 21.Nf3 f5 
22.Qc4+ Kg7 23.h5 Bf6 24.Bh4 Bxh4 25.Qxh4 Qe7 26.Qxe7+ Rxe7 27.hxg6 hxg6 
28.Rd6 Rd8 29.Rxd8 Nxd8 30.Ng5 Kf6 31.Nh7+ Ke6 32.Nf8+ Kf7 33.Nh7 Ne6 34.
f4 exf4 35.e4 fxe4 36.Rf1 Kg7 37.Rh1 Re8 0-1

[Event "R1B1 Albi 2 - Muret 3"]
[Site "Albi"]
[Date "2003.10.12"]
[Round "1.6"]
[White "Barraud, Claudine"]
[Black "Peaud-Lenoel, Daniel"]
[Result "0-1"]
[WhiteElo "1330"]
[BlackElo "1050"]
[EventDate "2003.??.??"]
[PlyCount "92"]

1.e4 d5 2.exd5 Qxd5 3.Nc3 Qd8 4.d4 Nf6 5.Nf3 e6 6.Be2 Be7 7.O-O O-O 8.Re1 
Nc6 9.Bg5 Nd5 10.Bxe7 Ncxe7 11.Nxd5 Nxd5 12.c4 Nf4 13.Ne5 Nxe2+ 14.Rxe2 f6
15.Nf3 Re8 16.Qd3 Bd7 17.Rae1 a6 18.Re4 b5 19.b3 Rb8 20.Rh4 g6 21.Nd2 bxc4
22.Nxc4 Rb5 23.Qh3 Qe7 24.Re3 e5 25.g4 Be6 26.Qf1 exd4 27.Reh3 h5 28.Qd3 
f5 29.gxh5 g5 30.Rxd4 g4 31.Re3 Qh7 32.h3 Qxh5 33.hxg4 Qh7 34.Rh3 Qg6 35.
Qg3 fxg4 36.Rh4 Kf8 37.Rh8+ Ke7 38.Qxc7+ Kf6 39.Rxe8 Qxe8 40.Qf4+ Rf5 41.
Qh6+ Qg6 42.Qf8+ Kg5 43.Ne3 Rxf8 44.Rd6 Qf7 45.Rxa6 Qxf2+ 46.Kh1 Bd5+ 0-1

[Event "R1B1 Albi 2 - Muret 3"]
[Site "Albi"]
[Date "2003.10.12"]
[Round "1.5"]
[White "Lopez Michelone, Manuel"]
[Black "Jammot, Thimothée"]
[Result "0-1"]
[WhiteElo "1320"]
[BlackElo "1400"]
[EventDate "2003.??.??"]
[PlyCount "98"]

1.d4 d5 2.c4 e6 3.Nf3 Nf6 4.Nc3 Bb4 5.Qa4+ Nc6 6.Bg5 Bxc3+ 7.bxc3 O-O 8.
cxd5 exd5 9.Ne5 Nxe5 10.dxe5 h6 11.exf6 hxg5 12.fxg7 Kxg7 13.e3 Qf6 14.Qd4
Qxd4 15.exd4 Re8+ 16.Be2 b6 17.f3 Ba6 18.O-O Rxe2 19.Rfe1 Rae8 20.Rxe2 
Rxe2 21.h3 Bc4 22.a4 Ra2 23.Rxa2 Bxa2 24.Kf2 Bb3 25.a5 bxa5 26.Ke1 a4 27.
Kd2 a3 28.Kc1 a2 29.Kb2 a5 30.g3 a4 31.Ka1 f5 32.Kb2 a1=Q+ 33.Kxa1 a3 34.
Kb1 Kg6 35.Ka1 Kh5 36.Kb1 g4 37.hxg4+ fxg4 38.f4 Kg6 39.Ka1 Kf5 40.Kb1 Ke4
41.Ka1 Ba4 42.Ka2 Kf3 43.Kxa3 Be8 44.Kb4 Kxg3 45.Kc5 Kxf4 46.Kxd5 Ke3 47.
c4 g3 48.Kc5 g2 49.d5 g1=Q 0-1

[Event "R1B1 Albi 2 - Muret 3"]
[Site "Albi"]
[Date "2003.10.12"]
[Round "1.4"]
[White "Couerbe, Michael"]
[Black "Grondin, Luciano"]
[Result "0-1"]
[WhiteElo "1499"]
[BlackElo "1370"]
[EventDate "2003.??.??"]
[PlyCount "92"]

1.e4 c5 2.Nf3 d6 3.c3 Nf6 4.Bb5+ Bd7 5.Bd3 Nc6 6.Na3 a6 7.b4 cxb4 8.cxb4 
Nxb4 9.Bc4 Nxe4 10.Rb1 a5 11.Nc2 Ba4 12.Nfd4 Nxc2+ 13.Nxc2 Qc7 14.Bd3 Nc5 
15.Be2 e5 16.O-O Be7 17.Bb5+ Bxb5 18.Rxb5 O-O 19.d4 Ne4 20.dxe5 Nc3 21.
exd6 Bxd6 22.Qg4 Nxb5 23.Bh6 g6 24.Bxf8 Rxf8 25.Re1 Bxh2+ 26.Kh1 Bf4 27.
Rb1 Qxc2 28.Rg1 Qxf2 29.Qd7 Qg3 30.Qh3 Qxh3+ 31.gxh3 h5 32.a4 Nc3 33.Kg2 
Re8 34.Kf3 Nd5 35.Rd1 Re3+ 36.Kg2 Nc3 37.Rd7 Nxa4 38.Rxb7 Rg3+ 39.Kf2 Rxh3
40.Rb5 Nc3 41.Rxa5 Nd1+ 42.Kg2 Rg3+ 43.Kf1 h4 44.Ke2 Nc3+ 45.Kf2 Be3+ 46.
Kf1 Rg1# 0-1

[Event "R1B1 Albi 2 - Muret 3"]
[Site "Albi"]
[Date "2003.10.12"]
[Round "1.3"]
[White "Eb-Levadoux, Yvan"]
[Black "Jammot, Jean-Louis"]
[Result "1-0"]
[WhiteElo "1300"]
[BlackElo "1499"]
[EventDate "2003.??.??"]
[PlyCount "69"]

1.e4 d6 2.d4 Nf6 3.Nc3 g6 4.Bg5 Bg7 5.Bd3 O-O 6.f3 c6 7.Qd2 b5 8.Bh6 Bb7 
9.Bxg7 Kxg7 10.a3 a6 11.O-O-O Nbd7 12.h4 e5 13.dxe5 dxe5 14.f4 exf4 15.
Qxf4 Re8 16.Nf3 Qe7 17.g4 Ne5 18.Rhg1 Nxf3 19.Qxf3 c5 20.Nd5 Bxd5 21.exd5 
Rad8 22.Rge1 Qd7 23.Rxe8 Rxe8 24.g5 Ng4 25.Bf1 Ne3 26.Bh3 Qd6 27.Re1 Qe5 
28.d6 Qd4 29.c3 Nc4 30.Qf6+ Qxf6 31.gxf6+ Kf8 32.Rd1 Rd8 33.d7 Ne3 34.Rd6 
h6 35.Rc6 1-0

[Event "R1B1 Albi 2 - Muret 3"]
[Site "Albi"]
[Date "2003.10.12"]
[Round "1.2"]
[White "Heude, Jean-Noël"]
[Black "Homere, Cédric"]
[Result "1/2-1/2"]
[WhiteElo "1499"]
[BlackElo "1499"]
[EventDate "2003.??.??"]
[PlyCount "143"]

1.e4 b6 2.Nc3 Bb7 3.d3 e6 4.Nf3 h6 5.Be2 Be7 6.Be3 Na6 7.O-O c6 8.e5 Qc7 
9.d4 d5 10.Bd3 Qd7 11.Ne2 Nb4 12.c3 Nxd3 13.Qxd3 O-O-O 14.a4 g5 15.Kh1 f6 
16.exf6 Nxf6 17.Ne5 Qe8 18.a5 b5 19.a6 Ba8 20.b3 Bd6 21.c4 Bxe5 22.dxe5 
dxc4 23.Qc2 Nd5 24.Bxa7 Qe7 25.bxc4 bxc4 26.Be3 Nxe3 27.fxe3 Qc5 28.Qb2 
Kd7 29.Rfd1+ Ke7 30.Rxd8 Rxd8 31.a7 Qxe3 32.Qb4+ c5 33.Qxc4 Qf2 34.Rg1 Rd1
35.Qg4 Rxg1+ 36.Nxg1 Qf1 37.Qe2 Qf4 38.Qc2 Qxe5 39.Qh7+ Kd6 40.Qxh6 Qd5 
41.Qf8+ Kc7 42.Qg7+ Kb6 43.Nf3 Qd1+ 44.Ng1 g4 45.Qb2+ Kxa7 46.Qa2+ Kb8 47.
Qxe6 Qd4 48.Qe8+ Ka7 49.Qf7+ Bb7 50.Qa2+ Kb6 51.Qb1+ Kc6 52.Qg6+ Kc7 53.
Qf7+ Kb6 54.Qb3+ Ka7 55.Qa2+ Ba6 56.Qf7+ Kb6 57.Qb3+ Bb5 58.Qe6+ Ka5 59.
Qa2+ Ba4 60.Ne2 Qd1+ 61.Ng1 Kb4 62.Qb2+ Bb3 63.Qe2 Qd4 64.Qe1+ Ka4 65.Ne2 
Qb4 66.Nc3+ Ka5 67.Qa1+ Kb6 68.Ne2 Bd5 69.Qc1 Qb5 70.Nc3 Qc4 71.Qb1+ Qb4 
72.Qe1 1/2-1/2

[Event "R1B1 Albi 2 - Muret 3"]
[Site "Albi"]
[Date "2003.10.12"]
[Round "1.1"]
[White "Lopez, Jacky"]
[Black "Pillot, Patrice"]
[Result "1/2-1/2"]
[WhiteElo "1540"]
[BlackElo "1549"]
[EventDate "2003.??.??"]
[PlyCount "101"]

1.d4 Nf6 2.c4 e6 3.Nc3 Bb4 4.Bg5 d5 5.e3 O-O 6.Nf3 Bxc3+ 7.bxc3 Nc6 8.Be2 
Re8 9.O-O e5 10.dxe5 Nxe5 11.cxd5 Nxf3+ 12.Bxf3 Re5 13.c4 Rxg5 14.e4 Bg4 
15.h4 Bxf3 16.Qxf3 Re5 17.Rfe1 Qd6 18.g4 g6 19.Qf4 Rae8 20.f3 Qc5+ 21.Kg2 
Kg7 22.h5 g5 23.h6+ Kg6 24.Qd2 R8e7 25.Rac1 Nxe4 26.fxe4 Rxe4 27.Rxe4 Rxe4
28.Qd3 Qe3 29.Qxe3 Rxe3 30.c5 Rd3 31.d6 cxd6 32.cxd6 Rxd6 33.Rc7 Rd2+ 34.
Kf3 Rxa2 35.Rxb7 a5 36.Rb6+ f6 37.Ra6 Rb2 38.Rxa5 Kxh6 39.Rf5 Kg6 40.Rc5 
Rb3+ 41.Kg2 Rb4 42.Kg3 Rf4 43.Rc1 h5 44.gxh5+ Kxh5 45.Rc5 Kg6 46.Rc6 Kh5 
47.Rc5 Re4 48.Kf3 Re8 49.Rb5 Kh4 50.Rb4+ g4+ 51.Rxg4+ 1/2-1/2

[Event "R1A1 Montech - CastelMoissac 1"]
[Site "?"]
[Date "2003.10.12"]
[Round "1.6"]
[White "Haddab, Roland"]
[Black "Mauriange, Frédéric"]
[Result "1-0"]
[WhiteElo "1560"]
[BlackElo "1299"]
[EventDate "2003.??.??"]
[PlyCount "87"]

1.e4 d5 2.exd5 Qxd5 3.Nc3 Qe5+ 4.Be2 Nc6 5.Nf3 Qf6 6.Nb5 Qf4 7.d4 Qf5 8.
Nxc7+ Kd8 9.Bd3 Qa5+ 10.c3 Qxc7 11.O-O f6 12.a4 Be6 13.d5 Bxd5 14.Bf5 Qd6 
15.Be3 e6 16.Bc2 h5 17.Qe2 f5 18.Rfd1 g6 19.c4 Nf6 20.cxd5 Nxd5 21.Ng5 Ke7
22.Bc5 Qxc5 23.Qxe6+ Kd8 24.Rxd5+ Kc7 25.Qd7+ Kb6 26.Rxc5 Bxc5 27.Nh3 Rad8
28.Qf7 Rd6 29.Qb3+ Nb4 30.g3 h4 31.a5+ Kc7 32.Qc3 Rhd8 33.Qxc5+ Nc6 34.Nf4
g5 35.Ne2 Rd5 36.Qc4 b5 37.axb6+ axb6 38.b4 b5 39.Qc3 Rd2 40.Qc5 Rxe2 41.
Ra7+ Kb8 42.Qb6+ Kc8 43.Bxf5+ Rd7 44.Qc7# 1-0

[Event "REG 1 , Libre Echiquier/Foix"]
[Site "?"]
[Date "2003.10.18"]
[Round "1"]
[White "NN"]
[Black "Evrard, Emmanuel"]
[Result "0-1"]
[WhiteElo "1499"]
[BlackElo "1620"]
[EventDate "2003.10.24"]
[PlyCount "26"]

1.e4 e5 2.Nf3 Nc6 3.c3 Nf6 4.d3 Be7 5.Nbd2 O-O 6.h4 Re8 7.Nc4 Ng4 8.g3 d5 
9.Ncd2 Bc5 10.d4 exd4 11.cxd4 dxe4 12.Nh2 Nxf2 13.Kxf2 Qxd4+ 0-1

[Event "R1C1 CD Muret - Foix"]
[Site "?"]
[Date "2003.10.18"]
[Round "1.6"]
[White "Maugé, Christian"]
[Black "NN"]
[Result "1/2-1/2"]
[WhiteElo "1560"]
[BlackElo "1499"]
[EventDate "2003.??.??"]
[PlyCount "142"]

1.b4 d6 2.Bb2 e6 3.c4 Nc6 4.a3 e5 5.e3 Nf6 6.Nc3 g6 7.Nd5 Nxd5 8.cxd5 Ne7 
9.e4 Bg7 10.Be2 O-O 11.h3 c6 12.dxc6 bxc6 13.Bg4 d5 14.Bxc8 Qxc8 15.exd5 
cxd5 16.Rc1 Qf5 17.Qf3 d4 18.Qxf5 Nxf5 19.g4 Nh4 20.Ne2 Ng2+ 21.Kf1 Nf4 
22.Nxf4 exf4 23.Rc4 d3 24.Bxg7 Kxg7 25.Rxf4 Rfc8 26.Rd4 Rd8 27.Rxd8 Rxd8 
28.Kg2 f6 29.Rc1 Rd7 30.Rc3 g5 31.Kf3 Kg6 32.Ke3 h5 33.Rxd3 Re7+ 34.Kf3 
hxg4+ 35.hxg4 Rc7 36.Rc3 Rd7 37.d3 Rd6 38.a4 Rd4 39.Rc4 Rxd3+ 40.Ke4 Rd2 
41.Ke3 Rd1 42.b5 Re1+ 43.Kf3 Re6 44.a5 Rd6 45.Rc6 Rd3+ 46.Ke4 Ra3 47.b6 
Ra4+ 48.Kf3 Rxa5 49.b7 Rb5 50.Rc7 a5 51.Ke3 Rb3+ 52.Kd2 a4 53.Kc2 Rb6 54.
Rc4 Rxb7 55.Rxa4 Rc7+ 56.Kd3 Rc1 57.Ke3 Rc3+ 58.Ke2 Rc6 59.Kf3 f5 60.gxf5+
Kxf5 61.Ra5+ Kg6 62.Kg3 Kh5 63.f3 Rc1 64.f4 Rc3+ 65.Kf2 Kg4 66.fxg5 Rf3+ 
67.Ke2 Rf8 68.g6 Rg8 69.Ra6 Kh5 70.Kf3 Rxg6 71.Rxg6 Kxg6 1/2-1/2

[Event "R1C1 CD Muret - Foix"]
[Site "?"]
[Date "2003.10.18"]
[Round "1.5"]
[White "NN"]
[Black "Verwaerde, Hervé"]
[Result "0-1"]
[WhiteElo "1460"]
[BlackElo "1620"]
[EventDate "2003.??.??"]
[PlyCount "115"]

1.c4 Nf6 2.Nc3 g6 3.g3 Bg7 4.Bg2 d6 5.d3 O-O 6.Rb1 Nc6 7.e3 e6 8.Nge2 d5 
9.cxd5 Nxd5 10.O-O Nce7 11.a3 a6 12.Qc2 c6 13.e4 Nf6 14.Rd1 b5 15.b4 Bb7 
16.Be3 Rc8 17.d4 Ng4 18.Bf4 Qb6 19.e5 Nd5 20.Bd2 Bxe5 21.h3 Nxf2 22.Kxf2 
Bxd4+ 23.Nxd4 Qxd4+ 24.Kf1 c5 25.Qe4 Nxc3 26.Bxc3 Qxe4 27.Bxe4 Bxe4 28.Rb2
Bd5 29.bxc5 Rfd8 30.Rc1 Rxc5 31.Bd2 Rxc1+ 32.Bxc1 Bc4+ 33.Kf2 Rd3 34.Rd2 
Rxd2+ 35.Bxd2 Kf8 36.Ke3 Ke7 37.Ke4 Bd5+ 38.Ke5 f6+ 39.Kd4 Kd6 40.Bb4+ Kc6
41.Be7 e5+ 42.Ke3 f5 43.Bf6 e4 44.Bd4 Bc4 45.Kf4 Kd5 46.Be3 Bf1 47.h4 Be2 
48.Kg5 Kc4 49.Bd2 Kd3 50.Bb4 Bh5 51.Kf4 Kc4 52.Ke3 Kb3 53.Kd4 a5 54.Bd6 b4
55.axb4 axb4 56.Ke3 Kc3 57.Be5+ Kc2 58.Kd4 0-1

[Event "R1C1 CD Muret - Foix"]
[Site "?"]
[Date "2003.10.18"]
[Round "1.4"]
[White "Carinola, Raphaël"]
[Black "NN"]
[Result "1-0"]
[WhiteElo "1560"]
[BlackElo "1499"]
[EventDate "2003.??.??"]
[PlyCount "123"]

1.d4 d5 2.c4 e6 3.Nc3 Nf6 4.Bg5 c6 5.Nf3 Be7 6.e3 O-O 7.Bd3 h6 8.Bh4 Nh7 
9.Bxe7 Qxe7 10.Qc2 f5 11.Ne5 Nd7 12.Ng6 Qf6 13.Nxf8 Qxf8 14.O-O Ndf6 15.h3
Bd7 16.cxd5 cxd5 17.Rac1 Rc8 18.Qb3 b6 19.Ne2 Rxc1 20.Rxc1 Ne8 21.Nf4 Kf7 
22.Bb5 Bxb5 23.Qxb5 g5 24.Nd3 Qe7 25.Ne5+ Kg7 26.Qd7 Qxd7 27.Nxd7 Nhf6 28.
Nxf6 Kxf6 29.Rc8 Nd6 30.Ra8 a5 31.Rb8 b5 32.b3 h5 33.Rb6 Ke7 34.Ra6 a4 35.
bxa4 bxa4 36.Rxa4 Nc4 37.Ra7+ Kf6 38.a4 f4 39.exf4 gxf4 40.a5 Nxa5 41.Rxa5
Kf5 42.f3 Kf6 43.Kf2 Kf5 44.g3 fxg3+ 45.Kxg3 Kf6 46.Kh4 Kf5 47.Ra6 e5 48.
dxe5 Kxe5 49.Kxh5 Kf4 50.Rd6 Ke5 51.Rd8 d4 52.Kg4 d3 53.Rxd3 Kf6 54.f4 Kg6
55.h4 Kh6 56.Rd6+ Kg7 57.Kg5 Kg8 58.h5 Kg7 59.f5 Kg8 60.f6 Kf7 61.h6 Kg8 
62.Kg6 1-0

[Event "R1C1 CD Muret - Foix"]
[Site "?"]
[Date "2003.10.18"]
[Round "1.2"]
[White "Masot, Liberto"]
[Black "NN"]
[Result "1-0"]
[WhiteElo "1499"]
[BlackElo "1760"]
[EventDate "2003.??.??"]
[PlyCount "63"]

1.e4 e5 2.Nf3 d6 3.c3 Nc6 4.d4 Bd7 5.Bc4 Nf6 6.Ng5 Be6 7.Bxe6 fxe6 8.Nxe6 
Qd7 9.d5 Na5 10.Qe2 c6 11.Nxf8 Rxf8 12.b4 cxd5 13.exd5 Ng4 14.Be3 Qc7 15.
Qxg4 Nc4 16.Qe6+ Qe7 17.Qxe7+ Kxe7 18.Nd2 Na3 19.Rc1 Rf7 20.c4 Raf8 21.c5 
Rc8 22.cxd6+ Kd8 23.Ke2 Nc2 24.Bxa7 Rd7 25.Ne4 Rc4 26.Nc5 Rf7 27.Bb6+ Kc8 
28.d7+ Rxd7 29.Nxd7 Kxd7 30.Kd3 Rd4+ 31.Bxd4 exd4 32.Rxc2 1-0